| 000 | 00415nam a2200145Ia 4500 | ||
|---|---|---|---|
| 008 | 211109s9999||||xx |||||||||||||| ||und|| | ||
| 082 |
_a894.8123 _bBIR-M |
||
| 100 | _aBirendra Kumar Bhattacharyya, | ||
| 245 | 0 | _aMrityunjay | |
| 260 |
_bDC Books _aKottayam _c1982 |
||
| 300 | _a300p | ||
| 630 | _xGENERAL STACK | ||
| 650 |
_aMalayalam literature _vMalayalam fiction _xLiterature & rhetoricMalayalam |
||
| 942 | _cBOOK | ||
| 999 |
_c44955 _d44955 |
||